| 000 | 01068nam a22002417a 4500 | ||
|---|---|---|---|
| 005 | 20240530110506.0 | ||
| 008 | 151012s2006 ua a g 000 0 ara d | ||
| 017 |
_a2005/10/2440 _bعمان . دائرة المكتبة الوطنية |
||
| 040 | _aEG-CaGPL | ||
| 082 | 0 | 4 |
_221 _a956.733/ _bع ت |
| 100 | 0 | _aعبدالله بن ابراهيم بن الغملاس . | |
| 245 | 1 | 0 |
_aتاريخ الزبير و البصرة : _bمع اشارات الى تاريخ الكويت و الاحساء / _cتاليف الشيخ عبدالله بن ابراهيم بن الغملاس ؛ عماد عبدالسلام رؤوف . |
| 250 | _aط1. | ||
| 260 |
_aعمان : _bدار الخزامى للنشر و التوزيع ، _c2006 . |
||
| 300 |
_a235 ص ؛ _c24 سم . |
||
| 651 | 0 | 4 |
_aالزبير _xتاريخ . |
| 651 | 0 | 4 |
_aالاحساء _xتاريخ . |
| 651 | 0 | 4 |
_aالكويت _xتاريخ . |
| 651 | 0 | 4 |
_aالبصرة _xتاريخ . |
| 700 | 0 |
_aعماد عبدالسلام رؤوف _eمحقق . |
|
| 942 |
_2ddc _cBK |
||
| 999 |
_c61577 _d61577 |
||